Pasívna a aktívna vibroizolácia v technickej praxi
Uložené v:
| Hlavný autor: | |
|---|---|
| Ďalší autori: | |
| Médium: | Rukopis Kniha |
| Jazyk: | Slovak |
| Vydavateľské údaje: |
2019
|
| Predmet: | |
| On-line prístup: | http://is.stuba.sk/zp/portal_zp.pl?podrobnosti=146541 |
| Tagy: |
Žiadne tagy, Buďte prvý, kto otaguje tento záznam!
|
MARC
| LEADER | 00000ntm a22000003a 4500 | ||
|---|---|---|---|
| 001 | stuzp71976 | ||
| 003 | SK-STU | ||
| 005 | 20190629210722.6 | ||
| 007 | ta | ||
| 008 | 150427s2015----xo-----f-mn---000-0-slo-d | ||
| 040 | |a STU |b slo | ||
| 041 | 0 | |a slo | |
| 100 | 1 | |a Prosňanský, Martin |u 066000 |4 aut |U MTF Materiálovotechnologická fakulta |T MTF Ústav aplikovanej informatiky, automatizácie a mechatroniky |X 93947 |U M6000 |Y 86 |7 93947 | |
| 242 | 0 | 1 | |a Passive and active vibration isolation in industry |y eng |
| 245 | 1 | 0 | |a Pasívna a aktívna vibroizolácia v technickej praxi |
| 260 | |c 2019 | ||
| 650 | 4 | |a kmitanie |2 slo | |
| 650 | 4 | |a tlmenie |2 slo | |
| 650 | 4 | |a tlmenie kmitania |2 slo | |
| 650 | 4 | |a vibroizolácia |2 slo | |
| 650 | 4 | |a vibrácie |2 slo | |
| 650 | 4 | |a pasívna vibroizolácia |2 slo | |
| 650 | 4 | |a aktívna vibroizolácia |2 slo | |
| 650 | 4 | |a znižovanie vibrácií |2 slo | |
| 650 | 4 | |a riadenie vibrácií |2 slo | |
| 650 | 4 | |a aktívne riadenie vibrácií |2 slo | |
| 650 | 4 | |a vibration |2 eng | |
| 650 | 4 | |a oscillation |2 eng | |
| 650 | 4 | |a damping |2 eng | |
| 650 | 4 | |a vibration damping |2 eng | |
| 650 | 4 | |a vibration isolation |2 eng | |
| 650 | 4 | |a pasive vibration isolation |2 eng | |
| 650 | 4 | |a active vibration isolation |2 eng | |
| 650 | 4 | |a vibration reduction |2 eng | |
| 650 | 4 | |a vibration control |2 eng | |
| 650 | 4 | |a active vibration control |2 eng | |
| 700 | 1 | |a Nánási, Tibor |u 066000 |k Z1 |4 ths |U MTF Materiálovotechnologická fakulta |T MTF Ústav aplikovanej informatiky, automatizácie a mechatroniky |X 249 |U M6000 |Y 86 |7 A000000249 | |
| 856 | 4 | |u http://is.stuba.sk/zp/portal_zp.pl?podrobnosti=146541 | |
| 996 | |c M* BP-8719 |l MMSKP |s P |a 0 |w stuzp71976_0001 | ||